Investigación de los factores que afectan los costos de transporte

Gespeichert in:
Bibliographische Detailangaben
Körperschaften: OEA (VerfasserIn), Organización de Estados Americanos (VerfasserIn)
Format: Buch
Sprache:Spanisch
Veröffentlicht: Washington, D.C OEA 1963
Schlagworte:
Tags: Tag hinzufügen
Keine Tags, Fügen Sie den ersten Tag hinzu!

MARC

LEADER 00000nam a2200000 a 4500
001 UCU6667
003 CL-VaPUC
008 960621e19630000US |||||||||||||||||spa|d
082 0 4 |a 388.049  |b OEA  |2 21 
110 2 |a OEA  |e author  |9 364982 
710 2 |a Organización de Estados Americanos  |e author  |9 364983 
245 1 0 |a Investigación de los factores que afectan los costos de transporte 
300 |a 107 p 
942 |c BK 
945 |d 19960621 00:00:00  |a paguirre 
260 |a Washington, D.C  |b OEA  |c 1963 
650 7 |a TRANSPORTE  |2 CL-VaPUC  |9 256365 
650 7 |a ECONOMIA DEL TRANSPORTE  |2 CL-VaPUC  |9 357664 
650 7 |a GASTOS  |2 CL-VaPUC  |9 357995 
650 0 |a Economía   |9 255568 
650 0 |a Transporte marítimo  |9 260127 
650 7 |a TRENES  |2 CL-VaPUC  |9 358012 
650 0 |a Transportes aéreos  |9 260842 
650 7 |a TRANSPORTE POR CARRETERA  |2 CL-VaPUC  |9 364984 
583 |a last modification  |c 19960621 00:00:00  |k Rodrigo Vera 
999 |c 249505  |d 249503 
952 |0 0  |1 0  |4 0  |6 388_049000000000000_OEA_1963  |7 0  |8 A  |9 266785  |a BIBING  |b BIBING  |d 2019-11-19  |i 1692399  |o 388.049 OEA 1963  |p 1692399  |r 2025-01-20  |w 2019-11-19  |y BK  |k TRA